000 00424 a2200121 4500
001 ART_57430
005 20260410161800.0
008 260409a
245 1 0 _aApuntes en torno a la amnistía fiscal y el deber de informar. Resolución general 4816, artículo 59
100 1 _aIglesias Araujo, Fabiana
700 1 _aCoronello, Silvina E.
773 0 _tDoctrina tributaria
_g- N° 513 (dic. 2022)
_wREV4296
999 _c20546
_d20546